5HLuxD.jpg

KING HENRY VIII SENIOR AND PRIMARY SCHOOL LIBRARY OPAC

The man who loved only numbers : (Record no. 307)

000 -LEADER
fixed length control field 00851cam a22002538a 4500
001 - CONTROL NUMBER
control field 00529750
003 - CONTROL NUMBER IDENTIFIER
control field OCoLC
005 - DATE AND TIME OF LATEST TRANSACTION
control field 20190806082057.0
008 - FIXED-LENGTH DATA ELEMENTS--GENERAL INFORMATION
fixed length control field 981105s1998 enkacf b 001 0beng d
015 ## - NATIONAL BIBLIOGRAPHY NUMBER
National bibliography number GB99-Z5201
020 ## - INTERNATIONAL STANDARD BOOK NUMBER
International Standard Book Number 1857028295 (pbk.)
020 ## - INTERNATIONAL STANDARD BOOK NUMBER
International Standard Book Number 9781857028294 (pbk.)
040 ## - CATALOGING SOURCE
Original cataloging agency UKM
Transcribing agency UKM
082 04 - DEWEY DECIMAL CLASSIFICATION NUMBER
Classification number 510.92 HOF
100 1# - MAIN ENTRY--PERSONAL NAME
Personal name Hoffman, Paul,
Dates associated with a name 1956-
Relator term author
245 14 - TITLE STATEMENT
Title The man who loved only numbers :
Remainder of title the story of Paul Erdos and the search for mathematical truth /
Statement of responsibility, etc. by Paul Hoffman.
260 ## - PUBLICATION, DISTRIBUTION, ETC.
Place of publication, distribution, etc. London :
Name of publisher, distributor, etc. Fourth Estate,
Date of publication, distribution, etc. 1998.
300 ## - PHYSICAL DESCRIPTION
Extent 301 p., [16] p. of plates :
Other physical details ill., ports ;
Dimensions 20 cm.
500 ## - GENERAL NOTE
General note Paperback ed. published in 1999.
504 ## - BIBLIOGRAPHY, ETC. NOTE
Bibliography, etc. note Includes bibliographical references (p. [279]-[288]) and index.
600 14 - SUBJECT ADDED ENTRY--PERSONAL NAME
Personal name Erdos, Paul.
650 #4 - SUBJECT ADDED ENTRY--TOPICAL TERM
Topical term or geographic name entry element Mathematicians
Geographic subdivision Hungary
General subdivision Biography.
942 ## - ADDED ENTRY ELEMENTS (KOHA)
Source of classification or shelving scheme
Koha item type Books - Non Ficton
Holdings
Withdrawn status Lost status Source of classification or shelving scheme Damaged status Not for loan Collection code Permanent Location Current Location Shelving location Date acquired Total Checkouts Full call number Barcode Date last seen Date last checked out Price effective from Koha item type
          Non-Fiction KH8 Senior School Library KH8 Senior School Library Non Fiction 2019-08-06 1 510.92 HOF 3KHSL000100197 2024-04-29 2023-12-07 2019-08-06 Books - Non Ficton
          Teaching Resources KH8 Senior School Library KH8 Senior School Library Staff Office 2023-10-02   510.92 HOF TRKHSL003917 2023-10-02   2023-10-02 Teaching Resources

Powered By KH8 IT Dept